000 00639nam a2200241 4500
001 116286
003 ES-MaBCM
005 20230301065436.0
008 051123s1971 esp spa d
017 _aB.38991-1971
021 _axx
035 _a(OCoLC)1024701855
040 _cES-MaBCM
041 1 _aspa
_hfre
100 1 _aSauvy, Alfred
_942815
245 1 3 _aLa rebelión de los jovenes
_cAlfred Sauvy
260 _aBarcelona :
_bDopesa,
_cD.L. 1971
300 _a244 p., 2 h.
_c18 cm
440 0 _aDocument periodístico
_9107224
_v26
650 2 7 _aMovimiento social
_959493
650 2 7 _aJoven
_959148
942 _cBK
_2ddc
999 _c116286
_d116286